000
00296nam a2200121Ia 4500
008
240624s9999 xx 000 0 und d
041
_a
eng
082
_a
658.401 WAI
100
_a
WAISBERG DANIEL
245
_a
GOOGLE ANALYTICS INTEGRATIONS
260
_c
2015
_a
New Delhi
_b
Wiley
365
_c
RS
_b
33
999
_c
26469
_d
26469